Sahitya bidya parikrama (Record no. 3622)

MARC details
000 -LEADER
fixed length control field 00494cam a2200205ua 4500
001 - CONTROL NUMBER
control field 3800
005 - DATE AND TIME OF LATEST TRANSACTION
control field 20260515113731.0
008 - FIXED-LENGTH DATA ELEMENTS--GENERAL INFORMATION
fixed length control field 120216n ii |||gr||||Z||||||asm
040 ## - CATALOGING SOURCE
Transcribing agency MAIN
082 ## - DEWEY DECIMAL CLASSIFICATION NUMBER
Classification number 491.4515
100 ## - MAIN ENTRY--PERSONAL NAME
Personal name Sarma, Tirthanath,
245 11 - TITLE STATEMENT
Title Sahitya bidya parikrama
Statement of responsibility, etc. by Tirthanath Sarma
250 ## - EDITION STATEMENT
Edition statement 5th.
260 ## - PUBLICATION, DISTRIBUTION, ETC.
Place of publication, distribution, etc. Guwahati:
Name of publisher, distributor, etc. Bani Prakash.
300 ## - PHYSICAL DESCRIPTION
Extent 191p:
Dimensions 23cm.
653 ## - INDEX TERM--UNCONTROLLED
Uncontrolled term Literature
653 ## - INDEX TERM--UNCONTROLLED
Uncontrolled term Sahitya bidya parikrama
653 ## - INDEX TERM--UNCONTROLLED
Uncontrolled term Rhetorhe
942 ## - ADDED ENTRY ELEMENTS (KOHA)
Koha item type Books
Holdings
Withdrawn status Lost status Damaged status Not for loan Home library Current library Shelving location Date acquired Total checkouts Full call number Barcode Date last seen Date last checked out Copy number Price effective from Koha item type
        Naharkatiya College Library Naharkatiya College Library General stacks 09/19/2020 6 491.4515 | SAR 8024 08/01/2025 06/25/2025 1 09/19/2020 Books
        Naharkatiya College Library Naharkatiya College Library General stacks 09/19/2020   491.4515 | SAR 8025 09/19/2020   2 09/19/2020 Books